000 01004nam2a2200205 4500
001 RU\NLR\PER_A\002838606_000990
005 20250624010523.0
035 _a(NLR Aleph) 012287720
090 _a11253121
_c11253121
100 _a20200708d2020 |||y0rusy50 ca
101 0 _arus
_aeng
102 _aRU
200 0 _a13 (1)
210 _d2020
_aБ. м.
461 0 _1001RU\NLR\Per\598781
_12001#$aЖурнал Сибирского федерального университета$iМатематика и физика$dJournal of Siberian federal university$iMathematics & physics$zeng$v13 (1)
_92909676
_aСибирский федеральный университет (Красноярск)
_c[Красноярск
_d2008 -
_iМатематика и физика
_lJournal of Siberian federal university
_nб. и.]
_tЖурнал Сибирского федерального университета
_x1997-1397
_v13 (1)
852 _aNLR
_jП8/1723
942 _cISSUE
980 _aNB
980 _aRUSPER